• 首页
  • 本馆介绍
  • 公告通知
  • 最新文献
  • 馆藏检索
  • 电子资源
  • 读者导购
  • 参考咨询
  • 我的图书馆
  • 登录
  • 详细信息显示
  • 放入我的书架
  • 预约/预借图书
  • 作者相关作品
  • 分类相关作品
  • 丛书相关作品
  • 出版社相关作品

书目信息

  • 表格格式
  • 工作单格式
  • 卡片格式
题名:
中国墓室壁画史论
    
 
作者: 汪小洋 著
分册:  
出版信息: 北京   科学出版社  2018
页数: 509页
开本: 24cm
丛书名:
单 册:
中图分类: K879.414
科图分类:
主题词: 墓室壁画--美术考古--中国
电子资源:
ISBN: 978-7-03-055357-7
000 01361nam0 2200253 450
001 012001005275
005 20141008131620.0
010    @a978-7-03-055357-7@dCNY128.00
100    @a20180714d2018 em y0chiy50 ea
101 0  @achi
102    @aCN@b110000
105    @aa z 000yy
106    @ar
200 1  @a中国墓室壁画史论@9zhong guo mu shi bi hua shi lun@dThe history of Chinese tomb murals@f汪小洋著@zeng
210    @a北京@c科学出版社@d2018
215    @a509页@d24cm
300    @a国家社会科学基金重大项目“多卷本《中国宗教美术史》”阶段性成果 国家社会科学基金一般项目“中国墓室壁画的图像体系研究”结题成果
330    @a本书从通史层面上描述中国墓室壁画的发展面貌。首先,理论体系层面上,明确提出重生信仰对墓室壁画的支持,讨论儒教的归属性,以及与道教、佛教的区别。其次,发展阶段层面上,首次提出中国墓室壁画发展分为汉魏晋南北朝的兴盛期、唐宋元的繁荣期和明清的衰退期三个阶段。再次,艺术价值层面上,一方面,重点描述兴盛期和繁荣期的典型墓室壁画,同时强调地下埋藏的保存条件;另一方面,重点描述中国墓室壁画的沿革有序特征,认识其在世界艺术发展史上的不可比价值。最后,首次制作了完整的中国墓室壁画遗存年表,提供考古成果方面的基本信息。
510 1  @aHistory of Chinese tomb murals@zeng
606 0  @a墓室壁画@x美术考古@y中国
690    @aK879.414@v5
701  0 @a汪小洋@9wang xiao yang@f(1958-)@4著
801  0 @aCN@b上海新华@c20180901
905    @b1173404-7@dK879.414@e408@f4
    
    中国墓室壁画史论=The history of Chinese tomb murals/汪小洋著.-北京:科学出版社,2018
    509页;24cm
    国家社会科学基金重大项目“多卷本《中国宗教美术史》”阶段性成果 国家社会科学基金一般项目“中国墓室壁画的图像体系研究”结题成果
    
    ISBN 978-7-03-055357-7:CNY128.00
    本书从通史层面上描述中国墓室壁画的发展面貌。首先,理论体系层面上,明确提出重生信仰对墓室壁画的支持,讨论儒教的归属性,以及与道教、佛教的区别。其次,发展阶段层面上,首次提出中国墓室壁画发展分为汉魏晋南北朝的兴盛期、唐宋元的繁荣期和明清的衰退期三个阶段。再次,艺术价值层面上,一方面,重点描述兴盛期和繁荣期的典型墓室壁画,同时强调地下埋藏的保存条件;另一方面,重点描述中国墓室壁画的沿革有序特征,认识其在世界艺术发展史上的不可比价值。最后,首次制作了完整的中国墓室壁画遗存年表,提供考古成果方面的基本信息。
●
相关链接 在E读中查询图书 在五车中查询图书 在当当中查询图书 在豆瓣中查询图书


正题名:中国墓室壁画史论     索取号:K879.414/408         预约/预借

序号 登录号 条形码 馆藏地/架位号 状态 备注
1 1173404   211734042   第二样本阅览室/ [索取号:K879.414/408] 在馆    
2 1173405   211734051   密集书库-史法系/ [索取号:K879.414/408] 在馆    
3 1173406   211734060   第二借阅区/ [索取号:K879.414/408] 在馆    
4 1173407   211734079   第二借阅区/ [索取号:K879.414/408] 在馆    
唐山师范学院图书馆 欢迎您!
大连网信软件有限公司© 版权所有